| 000 | 00732nam a22002295i 4500 | ||
|---|---|---|---|
| 001 | 175871 | ||
| 003 | ES-MaACL | ||
| 005 | 20230906215932.0 | ||
| 008 | 101126s1930 fr a |||| | fre d | ||
| 080 | _a929 Ingres, Jean-Auguste-Dominique | ||
| 080 | _a75 Ingres, Jean-Auguste-Dominique | ||
| 100 | 1 |
_aFouquet, Jacques. _951951 |
|
| 245 | 1 | 3 |
_aLa vie d' Ingres / _cpar Jacques Fouquet. |
| 260 |
_aParis : _bGallimard, _c1930. |
||
| 300 |
_a212 p. : _b1 retr. ; _c19 cm. |
||
| 490 | 1 |
_aVies des hommes illustres ; _v62 |
|
| 546 | _aTexto en francés. | ||
| 600 | 1 | 4 |
_aIngres, Jean-Auguste-Dominique. _9150604 |
| 830 | 0 |
_aVies des hommes illustres ; _v62 _9182839 |
|
| 852 |
_aES-MaACL _jE-13693 |
||
| 999 |
_c175871 _d175871 |
||